MARC

LEADER 00000nam0a2200000 4500
001 683565
005 20251202094304.0
090 |a 683565 
100 |a 20251202d1976 k||y0rusy50 ba 
101 0 |a ger 
102 |a DE 
105 |a a z 001yy 
181 0 |a i   |b  e  
182 0 |a n 
183 0 |a nc  |2 RDAcarrier 
200 1 |a Rundfunk und Fernsehen selbst erlebt  |e Das Experimentier- und Bastelbuch für Radio und Fernsehen  |f  Lothar König  
203 |a Текст  |b визуальный  |c непосредственный 
210 |a Leipzig  |a Jena  |a Berlin  |c Urania-Verlag  |d 1976 
215 |a 384 S.  |c il. 
283 |a volume  |2 RDAcarrier 
320 |a Sachwörterverzeichnis: S. 373-377 
606 |a Радиолюбительство  |9 47536 
606 |a Телевизионные системы  |9 76745 
610 1 |a радио 
610 1 |a телевидиние 
610 1 |a схемы 
610 1 |a конструкции 
610 1 |a питание 
610 1 |a резисторы 
610 1 |a трансформаторы 
610 1 |a выпрямители 
610 1 |a полупроводники 
610 1 |a транзисторные усилители 
610 1 |a электронно-лучевой осциллограф 
610 1 |a генераторы 
610 1 |a частомеры 
610 1 |a карманный приемник 
610 1 |a электронный луч 
610 1 |a телевизионная частота 
610 1 |a телевизионный приемник 
610 1 |a диоды 
675 |a 621.396  |v 4 
675 |a 621.397  |v 4 
700 1 |a König   |b L.  |g Lothar 
801 0 |a RU  |b 63413507  |c 20251202 
830 |a Ретро2025Каталогизация Кузнецова 
850 |a 63413507 
942 |c BK